000 00466nam a2200169 i 4500
001 96050
003 ES-MaACL
005 20230906181828.0
007 t|
008 050609m19711972sp ||||1| spa d
100 1 _aMadariaga, Luis de.
_975289
245 1 0 _aPintores vascos /
_cLuis de Madariaga.
260 _aSan Sebastián :
_bAuñamendi,
_c1971-1972.
300 _a3 v. ;
_c18 cm.
650 4 _aPintores-
_zPaís Vasco.
_9148660
852 _aES-MaACL
_jC-54451-53
999 _c96050
_d96050